Boletín de la sociedad de geografía y estadística de la republica mexicana (Record no. 170455)

MARC details
000 -LEADER
fixed length control field 00662nam a22001697a 4500
005 - DATE AND TIME OF LATEST TRANSACTION
control field 20240625122608.0
008 - FIXED-LENGTH DATA ELEMENTS--GENERAL INFORMATION
fixed length control field 240621b mx ||||| |||| 00| 0 spa d
050 04 - LIBRARY OF CONGRESS CALL NUMBER
Classification number HA761
Item number B65 1873
245 00 - TITLE STATEMENT
Title Boletín de la sociedad de geografía y estadística de la republica mexicana
250 ## - EDITION STATEMENT
Edition statement 1a ed.
260 ## - PUBLICATION, DISTRIBUTION, ETC. (IMPRINT)
Place of publication, distribution, etc México :
Name of publisher, distributor, etc Imprenta de Diaz de León y White,
Date of publication, distribution, etc 1873-
300 ## - PHYSICAL DESCRIPTION
Extent tomos ;
Dimensions 23 cm.
505 ## - FORMATTED CONTENTS NOTE
Title Tomo I: Tercera época--
-- Tomo III: Enero a diciembre de 1907.
610 #7 - SUBJECT ADDED ENTRY--CORPORATE NAME
Source of heading or term lemb
Corporate name or jurisdiction name as entry element Sociedad Michoacana de Geografía y Estadística
Form subdivision Publicaciones periódicas
650 #7 - SUBJECT ADDED ENTRY--TOPICAL TERM
Source of heading or term lemb
Topical term or geographic name as entry element Demografía
General subdivision Estadísticas
Geographic subdivision México
Chronological subdivision 1873
942 ## - ADDED ENTRY ELEMENTS (KOHA)
Source of classification or shelving scheme Biblioteca del Cogreso de los Estados Unidos
Koha item type Libro
Holdings
Estado de pérdida Fuente de clasificación Estado del daño No para préstamo Ubicación permanente Ubicación actual Apartado o colección Fecha de adquisición Fuente de adquisición Edición Enumeración de Serie / Cronológica Dependencia de educación superior (DES) Área del conocimiento Total Checkouts Clasificación Código de Barras Date last seen Número de copia Costo por reposición Tipo de recurso
  Biblioteca del Cogreso de los Estados Unidos     Biblioteca del Instituto de Investigaciones Históricas Biblioteca del Instituto de Investigaciones Históricas Fondo Antiguo 21/06/2024 Donación 1a ed. T. I Humanidades Ciencias Sociales y Administrativas   HA761 B65 1873 IIH000036649 21/06/2024 1 1.00 Libro
  Biblioteca del Cogreso de los Estados Unidos     Biblioteca del Instituto de Investigaciones Históricas Biblioteca del Instituto de Investigaciones Históricas Fondo Antiguo 21/06/2024 Donación 1a ed. T. I Humanidades Ciencias Sociales y Administrativas   HA761 B65 1873 IIH000036650 21/06/2024 2 1.00 Libro
  Biblioteca del Cogreso de los Estados Unidos     Biblioteca del Instituto de Investigaciones Históricas Biblioteca del Instituto de Investigaciones Históricas Fondo Antiguo 25/06/2024 Donación 1a ed. T. III Humanidades Ciencias Sociales y Administrativas   HA761 B65 1907 IIH000036655 25/06/2024 1 1.00 Libro